000 00885nam a2200265 i 4500
001 bg
003 BPK
005 20190719141013.0
008 040408s1974 pl a f |000 0 pol
015 _aPB 1975/477
040 _aWA N
_cBPK
041 0 _apol
080 _a51
080 _a(075.8)
245 0 0 _aMatematyka dla wydziałów budowlanych i mechanicznych.
_nT. 3 /
_coprac. A. Hać [et al.] ; red. Edward Otto.
260 _aWarszawa :
_bPańst. Wydaw. Naukowe,
_c1974.
300 _a400 s. :
_bil., tab., wykr. ;
_c24 cm.
504 _aBibliogr.
650 4 _aMatematyka
_xszkoły wyższe.
655 4 _aPodręczniki akademickie
700 1 _aHać, Aleksander
_eOpracowanie
700 1 _aOtto, Edward
_d(1908-1986)
_eRedakcja
856 _uhttp://koha.tu.koszalin.pl/cgi-bin/koha/opac-detail.pl?biblionumber=264
_yKatalog online BPK
942 _2UKD
_cKS
999 _c264
_d264